000 00855nas a2200289 4500
001 BR2014007165
003 BR-BrBNA
005 20231205124721.0
007 ta
008 230509b bl.|||p| |||| 00| 00por d
040 _aBR-BrBNA
_bpor
_cBiblioteca Nacional de Agricultura
041 _a(En)
072 _aQ03
100 1 _aAlmeida, A.P. de
100 1 _aAlaburda, J.
100 1 _aRuvieri, V.
100 1 _aSabino, M.
245 1 _aOchratoxin A in raisins samples marketed in São Paulo, Brazil
650 _aANÁLISE DE ALIMENTO
650 _aUVA
650 _aCOMPOSIÇÃO QUÍMICA
650 _aCONTAMINAÇÃO
650 _aOCRATOXINA
773 0 _tRevista do Instituto Adolfo Lutz (Brazil)
_xISSN 0073-9855
_g(Sep-Dec 2006), v. 65(3) p. 171-175
_wBR2014007165
909 _a202311
_bLúcia
_c55
_dLúcia Elande
942 _2AGRIS
_n0
_cANA
999 _c240543
_d240543